• 首页
  • 本馆介绍
  • 公告通知
  • 最新文献
  • 馆藏检索
  • 电子资源
  • 读者导购
  • 参考咨询
  • 我的图书馆
  • 登录
  • 详细信息显示
  • 放入我的书架
  • 预约/预借图书
  • 作者相关作品
  • 分类相关作品
  • 丛书相关作品
  • 出版社相关作品

书目信息

  • 表格格式
  • 工作单格式
  • 卡片格式
题名:
构造地质学
    
 
作者: 拉根 著 ;邓海泉 译
分册:  
出版信息: 北京   地质出版社  1984
页数: 217页
开本: 25cm
丛书名:
单 册:
中图分类: P54
科图分类:
主题词: 构造地质学
电子资源:
ISBN:
000 00697nam0 2200253 45
001 0184009463
005 20060511093511.43
010    @dCNY2.30
091    @a13038.教183
100    @a19950608d1984 em y0chiy0121 ea
101 1  @achi@ceng
102    @aCN@b110000
105    @ay z 100yy
200 10 @a构造地质学@Agou zao di zhi xue@e几何方法导论@fD.M.拉根著@FD.M.la gen zhu@g邓海泉译
210    @a北京@c地质出版社@d1984
215    @a217页@d25cm
300    @a高等学校教学参考书
606    @a构造地质学
690    @aP54@v3
701  1 @a拉根@Ala gen@bD.M.@4著
702  0 @a邓海泉@Adeng hai quan@4译
801  2 @aCN@bNLC@c20060511
801  0 @aCN@b上海图书馆@c20040524
905    @dP54@e13
    
    构造地质学:几何方法导论/D.M.拉根著/邓海泉译.-北京:地质出版社,1984
    217页;25cm
    高等学校教学参考书
    
    ISBN :CNY2.30
    
●
相关链接 在E读中查询图书 在五车中查询图书 在当当中查询图书 在豆瓣中查询图书


正题名:构造地质学     索取号:P54/13         预约/预借

序号 登录号 条形码 馆藏地/架位号 状态 备注
1 0121158   000073495   第二样本阅览室/ [索取号:P54/13] 在馆    
2 0121159   202324939   密集书库/ [索取号:P54/13] 在馆    
唐山师范学院图书馆 欢迎您!
大连网信软件有限公司© 版权所有